000 00208 a2200109 4500
020 _a9780778314745
041 _aeng
100 _aWiggs Susan
245 _aCaudleleght Christmas
942 _cBK
952 _71
999 _c21604
_d21604